000 00497nam a2200181Ia 4500
001 8892
005 20260306160643.0
008 260306t2022||||xx |||||||||||||| ||spa||
041 _aESP
082 _a371.9
_bG83
110 _aGrupo HQ
245 0 _aNecesidades educativas especiales :
_bmanual práctico para entender y superar las dificultades de aprendizaje y el TDAH
260 _c2022
300 _a464 páginas :
_c26 cm.
650 _aGEN
654 _aCED
942 _cLIB
_dJUS
_fJUS
_2ddc
_n
999 _c8892
_d8892